000 01739cam a2200517 4500
999 _c23548
_d23548
001 vtls011902853
005 20230810122138.0
008 200507s2019 xo o grh 000 0aslo
020 _a9788055167091
_q(viazané)
035 _aurn:nbn:sk:snk-am00dxpi
035 _aurn:nbn:sk:snk-am3i8sz
035 _aE846EC9B-65AA-4B3C-BFB2-A4DA83D3A553
040 _aZKSE
_bslo
_cZKSE
_dSVKBB
_dSNK
_erda
041 1 _aslo
_hita
044 _axo
_cSK
072 7 _a796
_xŠport. Hry. Telesné cvičenia
_2konspekt
072 7 _a929
_xBiografie
_2konspekt
080 _a796.332.071.2
_22011
080 _a796.332
_22011
080 _a(437.6)
_22011
080 _a(450)
_22011
080 _a(092)
_22011
100 1 _aHamšík, Marek,
_d1987-
_4aut
_93873
240 1 0 _aMarekiaro: La mia autobiografia
_lSlovensky
245 1 0 _aNeapolská odysea
_cMarek Hamšík ; z talianskej verzie Marekiaro: La mia autobiografia ... preložil Roman Sehnal
250 _aPrvé vydanie
264 1 _aBratislava
_bIkar
_c2019
300 _a173 strán
_c21 cm
336 _atext
_btxt
_2rdacontent
337 _abez média
_bn
_2rdamedia
338 _azväzok
_bnc
_2rdacarrier
600 1 7 _aHamšík, Marek,
_d1987-
_2SNKPH
_93873
650 0 7 _afutbalisti
_2SNKPH
_92704
650 0 7 _afutbal
_2SNKPH
_92700
650 0 7 _aSoccer players
_2SNKPHeng
_92705
650 0 7 _aFootball
_2SNKPHeng
_92702
651 7 _aSlovensko
_2SNKPHgeo
_91613
651 7 _aTaliansko
_2SNKPHgeo
_92281
651 7 _aSlovakia
_2SNKPHeng
_91614
651 7 _aItaly
_2SNKPHeng
_92282
655 7 _aautobiografie
_2SNKPH
_91792
655 7 _aAutobiography
_2SNKPHeng
_91793
700 1 _aSehnal, Roman,
_d1970-
_4trl
_93874
700 1 _aLehoťan, Ivor,
_d1966-
_4aui
_93875
958 _aOP